000 01439nam a22001817a 4500
005 20251217173807.0
020 _a96014419559800
082 _a920 VAR
100 _aMuttathu Varkey
_91176
245 _aOru Kutayum Kunhupengalum_Malayalam
250 _a1
260 _aDC Books
_bKottayam
_c2025
300 _aNumber of pages : 128
520 _aമലയാള ബാലസാഹിത്യത്തിൽ എന്നും തിളങ്ങിനിൽക്കുന്ന രചനയാണ് 'ഒരു കുടയും കുഞ്ഞുപെങ്ങളും'. സ്‌നേഹന്ധങ്ങളുടെ മഹത്ത്വത്തിലേക്ക് കുട്ടികളെ കൈപിടിച്ചാനയിക്കുന്ന ഈ കഥയും ഇതിലെ കഥാപാത്രങ്ങളും ഇന്നും ഓരോ മനസ്സിലും ജീവിക്കുന്നു. കേരളത്തിന്റെ പ്രിയപ്പെട്ട ജനപ്രിയ എഴുത്തുകാരനായിരുന്ന മുട്ടത്തുവർക്കിയുടെ ലളിതവും സുന്ദരവുമായ ആഖ്യാനരീതി കുട്ടികളെയും മുതിർവരെയും ഒരുപോലെ ആകർഷിക്കും.
546 _aLanguage : Malayalam
650 _aGEN
_92
942 _cBK
999 _c38084
_d38084